| 000 | 00458nam a22001817a 4500 | ||
|---|---|---|---|
| 003 | CEME | ||
| 005 | 20210628202741.0 | ||
| 008 | 210127b xxu||||| |||| 00| 0 eng d | ||
| 020 | _a81-203-2392-0 | ||
| 040 | _c. | ||
| 082 | _a005.4469 NII | ||
| 100 |
_aNiit _95329 |
||
| 245 | _aWorking with windows 2000 server | ||
| 260 |
_aNEW DELHI _bPRENTICE HALL OF INDIA _c2003 |
||
| 300 | _aXIII,494P | ||
| 650 |
_aWINDOWS 2000 SERVER _961421 |
||
| 942 |
_cBK _2ddc |
||
| 999 |
_c570879 _d570879 |
||